|
|
|
|
| LEADER |
00000nam a2200000 i 4500 |
| 001 |
1/57390 |
| 008 |
980514s1994 eng d |
| 020 |
|
|
|a 0304328251
|
| 035 |
|
|
|l 10028183
|
| 040 |
|
|
|a GR-MY-UA
|b gre
|e aacr
|
| 041 |
0 |
|
|a eng
|
| 082 |
0 |
|
|a 647.940688
|
| 100 |
1 |
|
|a Teare, Richard.
|
| 245 |
1 |
0 |
|a Marketing in hospitality and tourism :
|b a consumer focus /
|c Richard Teare ...[et al]
|
| 260 |
|
|
|a London :
|b Cassell,
|c 1994
|
| 300 |
|
|
|a viii, 312 p.
|
| 504 |
|
|
|a Includes index
|
| 650 |
0 |
0 |
|a Hospitality industry
|x Management.
|
| 650 |
0 |
0 |
|a Tourism
|x Marketing.
|
| 700 |
1 |
|
|a Mazanec, Josef A.
|
| 700 |
1 |
|
|a Crawford-Welsch, Simon.
|
| 700 |
1 |
|
|a Calver, Stephen.
|
| 852 |
|
|
|a INST
|b CHIOS
|e 19980514
|h 647.940688 MAR
|p 005200016522
|q 005200016522
|t BK
|y 0
|
| 901 |
|
|
|a BIBL-1998-2
|
| 909 |
|
|
|a Χ
|b 054380
|
| 922 |
|
|
|a 2ΕΛΗ
|b 199803
|c ΤΔΕ
|d ΠΑΠΑΣΩΤΗΡΙΟΥ
|